| 000 | 01055cad a22002535a 4500 | ||
|---|---|---|---|
| 001 | E151694 | ||
| 008 | 101130s2010 xxk f 100 0 eng d | ||
| 020 | _a9781842196199 | ||
| 035 | _a(Sirsi) u151694 | ||
| 041 | 0 | _aeng | |
| 100 | 1 | _aKwok, Ching | |
| 111 | 2 |
_aConstruction and Building Research Conference _cDauphine Universite, Paris _d2-3 September 2010 |
|
| 245 | 0 | 0 |
_aAsset management of wastewater treatment projects _ba review of theoretical landscape of LCC and risk based approaches _h[electronic resource] |
| 260 |
_aLondon _bRICS _c2010 |
||
| 520 | _aA paper presented at the COBRA Conference in Paris on 2-3 September 2010. | ||
| 590 | _aKA | ||
| 650 | 2 | 4 | _aCONSTRUCTION AND BUILDING RESEARCH CONFERENCE (COBRA) |
| 651 | 4 | _aUnited Kingdom | |
| 690 | _aENVIRONMENTAL AND LAND CONSULTANCY-WATER RESOURCE MANAGEMENT | ||
| 700 | 1 | _aYoung, Robert J. | |
| 700 | 1 | _aKirkham, Richard J. | |
| 856 | 4 | 0 |
_uhttps://www.rics.org/Global/Downloads/AssetManagementWastewaterTreatmentCOBRA2010Kwok.pdf.pdf _zBroken link - not available |
| 942 | _n0 | ||
| 999 |
_c111546 _d111546 |
||